| Tag |
First Indicator |
Second Indicator |
Subfields |
| LEADER |
00000cam a22000001i 4500 |
| 001 |
in00004128949 |
| 005 |
20200117100758.0 |
| 006 |
m d f |
| 007 |
cr bn mmmapmmp |
| 008 |
161121s2016 mdu o f000 0 eng d |
| 035 |
|
|
|a chdc20160968
|
| 040 |
|
|
|a UMI
|b eng
|e rda
|c UMI
|d UtOrBLW
|
| 043 |
|
|
|a aw-----
|
| 086 |
0 |
|
|a Y 4.F 76/1:114-220
|
| 110 |
1 |
|
|a United States.
|b Congress.
|b House.
|b Committee on Foreign Affairs.
|b Subcommittee on the Middle East and North Africa.
|0 http://id.loc.gov/authorities/names/no2013046672
|
| 245 |
1 |
0 |
|a Eastern Mediterranean Energy :
|b Challenges and Opportunities for U.S. Regional Priorities.
|
| 264 |
|
1 |
|a Bethesda, Md. :
|b ProQuest,
|c 2016.
|
| 300 |
|
|
|a 51 pages, digital, PDF file
|
| 336 |
|
|
|a text
|2 rdacontent
|b txt
|
| 337 |
|
|
|a computer
|b c
|2 rdamedia
|
| 338 |
|
|
|a online resource
|2 rdacarrier
|b cr
|
| 500 |
|
|
|a Record is based on bibliographic data in ProQuest U.S. Congressional Hearings Digital Collection. Reuse except for individual research requires license from ProQuest, LLC.
|
| 533 |
|
|
|a Electronic reproduction.
|b [Bethesda, Md.] :
|c ProQuest,
|d 2016.
|e digital, PDF file.
|n ProQuest Congressional Hearings Digital Collection.
|n Mode of access: World Wide Web via ProQuest website.
|
| 538 |
|
|
|a System requirements: PDF reader software.
|
| 650 |
|
0 |
|a Energy development
|z Middle East.
|
| 650 |
|
0 |
|a Power resources
|z Middle East.
|
| 650 |
|
0 |
|a International relations.
|0 http://id.loc.gov/authorities/subjects/sh85067435
|
| 710 |
1 |
|
|a United States.
|b Congress.
|b House.
|b Committee on Science, Space, and Technology.
|b Subcommittee on Energy.
|0 http://id.loc.gov/authorities/names/no91029657
|
| 776 |
0 |
8 |
|i Microfiche version:
|a United States. Congress. House. Committee on Foreign Affairs. Subcommittee on the Middle East and North Africa.
|t Eastern Mediterranean Energy
|o CIS 2016 H381-106
|w cis20163183
|
| 856 |
4 |
0 |
|u http://proxy.library.tamu.edu/login?url=http://search.proquest.com/congcomp/getdoc?HEARING-ID=HRG-2016-FOA-0080
|y Electronic resource (PDF)
|z CIS 2016-H381-106
|t 0
|
| 998 |
|
|
|a cis20163183
|
| 999 |
f |
f |
|s 441a7267-e722-3c7c-9b81-41c5a8d11095
|i 9c507e92-12cd-349a-9ba7-eb2e68fd6861
|t 0
|
| 952 |
f |
f |
|a Texas A&M University
|b College Station
|c Electronic Resources
|d Available Online
|t 0
|e Y 4.F 76/1:114-220
|h Superintendent of Documents classification
|
| 998 |
f |
f |
|a Y 4.F 76/1:114-220
|t 0
|l Available Online
|